Name kpop song start with the letter “U” - Statistics

General Stats
  • This quiz has been taken 4 times
  • The average score is 4 of 12
Answer Stats
Hint Answer % Correct
UNCHILD Unchild
67%
Itzy Untouchable
67%
Karina ( Aespa ) Up
67%
Exid Up & down
67%
Gidle Uh oh
33%
Le sserafim Unforgiven
33%
P1Harmony Unique
33%
Red velvet Umpah Umpah
0%
Nct u Universe
0%
Exo Universe
0%
Beakhyun UN Village
0%
Ateez UTOPIA
0%
No matching quizzes found
Score Distribution
Percent of People with Each Score
Percentile by Number Answered
Your Score History
You have not taken this quiz